00000000nam##2200000za#4500
0019.527979
003CaOODSP
00520200327070813
007ta
008150406|1997||||xxc|||||     f|0| 0 fre|d
020 |a0-660-60072-2
040 |aCaOODSP|bfre
041 |aeng
041 |afre
043 |an-cn---
0861 |aBT31-2/1998-III-14
1101 |aCanada. |bConseil du trésor.
24510|aOffice national de l'énergie
260 |aOttawa - Ontario : |bSecrétariat du Conseil du Trésor du Canada |c1997.
300 |aTexte français, 26p. : |btableaux ; |c28 cm.
4901 |aBudget des dépenses 1997-1998, partie III: Plan de dépenses
546 |aBilingue
563 |aCouverture souple
590 |a97-08|b1997-02-21
7760#|tNational Energy Board, 1997-98 estimates, a report on plans and priorities, pilot document |w(CaOODSP)9.567513
7760#|tOffice national de l'énergie, budget des dépenses 1997-1998, un rapport sur les plans et les priorités, document pilote |w(CaOODSP)9.598852
791 |tNational Energy Board |eeng|w(CaOODSP)9.527978
830#0|aBudget des dépenses 1997-1998, partie III: Plan de dépenses.|w(CaOODSP)9.508959